000 00518nam a2200193 i 4500
001 180736
003 ES-MaACL
005 20230906221157.0
008 120705s1959 sp |||| | spa d
080 _a821.134.2-3"19"
100 0 _aJuperisa
_c(seud.)
_9150859
245 1 3 _aLa estudiantina /
_cpor Juperisa.
260 _aBarcelona :
_bDon Bosco,
_c[1959]
300 _a93 p. ;
_c11 cm.
490 1 _aArdilla ;
_v99
830 0 _aArdilla ;
_v99
_9191326
852 _aES-MaACL
_j2312-F-9
999 _c180736
_d180736